Management / (Record no. 3385)

MARC details
000 -LEADER
fixed length control field 01557nam a2200181 4500
020 ## - INTERNATIONAL STANDARD BOOK NUMBER
ISBN 8120309812
050 ## - CALL NUMBER
Classification number HD31
Item number .S6963
100 ## - AUTHOR
Personal name Stoner, James A. F.
245 ## - TITLE
Title Management /
Statement of responsibility, etc James A. F. Stoner, R. Edward Freeman, Daniel A. Gilbert
250 ## - EDITION
Edition statement 6th
260 ## - PUBLICATION INFORMATION
Place of publication New Delhi
Name of publisher Prentice Hall of India
Year of publication 1995
300 ## - DESCRIPTION
Number of Pages xxv, various pagings :
Other physical details ill.;
Dimensions 27cm
500 ## - NOTES
General note Includes index
505 ## - FORMATTED CONTENTS NOTE
Table of Content Part 1. Introduction to management --<br/>Chapter 1. Managing and Managers<br/>Chapter 2. The evolution of management theory<br/><br/>Part 2. Management in the 21st century --<br/>Chapter 3. Organizational and Natural Environments<br/>Chapter 4. Social Responsibility and Ethics<br/>Chapter 5. Globalization and Managment<br/>Chapter 6. Inventing and Reinventing Organizations <br/>Chapter 7. Culture and Multiculturalism<br/>Chapter 8. Quality<br/><br/>Part 3. Planning --<br/>Chapter 9. Decision Making<br/>Chapter 10. Planning and Strategic Management<br/>Chapter 11. Strategy Implementation<br/><br/>Part 4. Organizing --<br/>Chapter 12. Organizational Design and Organizational Structure<br/>Chapter 13. Power and the Distribution of Authority<br/>Chapter 14. Human Resource Management<br/>Chapter 15. Managing Organizational Change and Innovation <br/><br/>Part 5. Leading --<br/>Chapter 16. Motivation<br/>Chapter 17. Leadership<br/>Chapter 18. Teams and Teamwork<br/>Chapter 19. Communication and Negotiating<br/><br/>Part 6. Controlling.<br/>Chapter 20. Effective control<br/>Chapter 21. Operations Management<br/>Chapter 22. Information Systems
700 ## - OTHER AUTHORS
Personal name Freeman, R. Edward
700 ## - OTHER AUTHORS
Personal name Gilbert, Daniel A.
942 ## - ADDED ENTRY ELEMENTS (KOHA)
Koha item type Books
Holdings
Withdrawn status Lost status Collection code Home library Current library Shelving location Date acquired Full call number Accession Number Koha item type
    Reference Methodist University Library Main Methodist University Library Main General Stacks 22/05/2000 HD31 .S6963 12227 Books
Copyright © 2026  MUG Library